[Event "X Memorial Pedro Lezcano Montalvo 2017"]
[Site "Ateneo Mpal. de Vecindario-C/Colón, s/n (Gran Canaria)"]
[Date "2017.04.15"]
[Round "9"]
[White "Alvarado Diaz, Alejandro"]
[Black "Debray, Christopher"]
[Result "1-0"]
[WhiteElo "2415"]
[BlackElo "2328"]
[EventDate "2017.04.08"]
[Board "5"]
[PlyCount "0"]
[EventRounds "9"]
[EventCountry "ESP"]

1. Nf3 g6 2. d4 Nf6 3. e3 Bg7 4. Be2 d6 5. O-O O-O 6. c4 c5 7. b3 cxd4 8.
Nxd4 Nc6 9. Bb2 Nxd4 10. Bxd4 Bd7 11. a4 a5 12. Na3 Bc6 13. Rc1 Nd7 14. Qc2
e5 15. Bc3 Qg5 16. g3 Nc5 17. Nb5 Qe7 18. Rfd1 Ne4 19. Bf1 Ng5 20. Bg2 Bxg2
21. Kxg2 Qe6 22. f4 exf4 23. exf4 Bxc3 24. fxg5 Be5 25. Nc7 Qg4 26. Nxa8
Rxa8 27. Qd2 Qe4+ 28. Kg1 b6 29. Qd3 Qg4 30. Qe3 Re8 31. Rd3 Re6 32. Rf1
Bf6 33. Qf4 Qxg5 34. Qxg5 Bxg5 35. Kf2 Kf8 36. Re1 Ke7 37. Re2 Bc1 38. g4
h6 39. h4 Ba3 40. Rf3 Bc5+ 41. Kf1 Re5 42. g5 hxg5 43. hxg5 Ba3 44. Rxe5+
dxe5 45. Rf6 Bc1 46. Rxb6 Bxg5 47. Ke2 Kd7 48. Rb7+ Ke6 49. b4 Bd8 50. b5
Kd6 51. Rxf7 Kc5 52. Kd3 Kb4 53. Rd7 Bb6 54. Rd6 Bc5 55. Rc6 g5 56. b6 1-0

[Event "X Memorial Pedro Lezcano Montalvo 2017"]
[Site "Ateneo Mpal. de Vecindario-C/Colón, s/n (Gran Canaria)"]
[Date "2017.04.15"]
[Round "9"]
[White "Aguera Naredo, Javier"]
[Black "Sgircea, Silvia-Raluca"]
[Result "1-0"]
[WhiteElo "2354"]
[BlackElo "2253"]
[EventDate "2017.04.08"]
[Board "6"]
[PlyCount "0"]
[EventRounds "9"]
[EventCountry "ESP"]

1. e4 c5 2. Nf3 Nc6 3. Bb5 g6 4. Bxc6 bxc6 5. O-O Bg7 6. Re1 Nh6 7. c3 O-O
8. d4 Qb6 9. b3 cxd4 10. cxd4 f6 11. Nc3 d6 12. h3 Nf7 13. Be3 Ba6 14. Qd2
Rac8 15. Rab1 Qb7 16. b4 Bc4 17. a4 e5 18. b5 f5 19. dxe5 dxe5 20. b6 a5
21. Qc2 Rfd8 22. Red1 Be6 23. Ng5 Nxg5 24. Bxg5 Rxd1+ 25. Qxd1 Qb8 26. b7
Re8 27. Bd8 Bf8 28. Bxa5 Kf7 29. Qd3 Bc5 30. Bb6 Bxb6 31. Rxb6 Qa7 32. Qa6
Qxa6 33. Rxa6 Rb8 34. Rb6 1-0

[Event "X Memorial Pedro Lezcano Montalvo 2017"]
[Site "Ateneo Mpal. de Vecindario-C/Colón, s/n (Gran Canaria)"]
[Date "2017.04.15"]
[Round "9"]
[White "De Leon Navarro, Claudio"]
[Black "Meneses Gonzalez, Kevin Moises"]
[Result "0-1"]
[WhiteElo "1627"]
[BlackElo "2310"]
[EventDate "2017.04.08"]
[Board "7"]
[PlyCount "0"]
[EventRounds "9"]
[EventCountry "ESP"]

1. e4 c5 2. Nc3 Nc6 3. Bb5 Nd4 4. Nf3 e6 5. O-O a6 6. Bd3 Nc6 7. b3 d6 8.
Bb2 Nf6 9. Re1 Qc7 10. h3 Be7 11. e5 dxe5 12. Ne4 Nd5 13. c4 Nf4 14. Bb1 f5
15. Ng3 Bf6 16. Bc3 O-O 17. Ne2 e4 18. Nxf4 Qxf4 19. Nh2 Nd4 20. Qc1 b5 21.
g3 Qg5 22. Bc2 Bb7 23. Bd1 f4 24. h4 Qg6 25. h5 Qg5 26. Nf1 fxg3 27. Nxg3
Be5 28. d3 Bf4 29. Re3 exd3 0-1

[Event "X Memorial Pedro Lezcano Montalvo 2017"]
[Site "Ateneo Mpal. de Vecindario-C/Colón, s/n (Gran Canaria)"]
[Date "2017.04.15"]
[Round "9"]
[White "Korneev Leskova, Svyatoslav"]
[Black "Robin, Samy"]
[Result "1/2-1/2"]
[WhiteElo "2186"]
[BlackElo "2285"]
[EventDate "2017.04.08"]
[Board "8"]
[PlyCount "0"]
[EventRounds "9"]
[EventCountry "ESP"]

1. c4 g6 2. g3 Bg7 3. Bg2 e5 4. Nc3 Ne7 5. d3 O-O 6. e3 c6 7. Nge2 d5 8.
cxd5 cxd5 9. Qb3 Nbc6 10. O-O Be6 11. Qxb7 Rb8 12. Qa6 Nb4 13. Qxa7 1/2-1/2

[Event "X Memorial Pedro Lezcano Montalvo 2017"]
[Site "Ateneo Mpal. de Vecindario-C/Colón, s/n (Gran Canaria)"]
[Date "2017.04.15"]
[Round "9"]
[White "Garcia Blanco, Omar"]
[Black "Ramirez Medina, Victor"]
[Result "1/2-1/2"]
[WhiteElo "2269"]
[BlackElo "2215"]
[EventDate "2017.04.08"]
[Board "9"]
[PlyCount "0"]
[EventRounds "9"]
[EventCountry "ESP"]

1. e4 e6 2. Qe2 c5 3. Nf3 Nc6 4. g3 Nf6 5. Bg2 d5 6. exd5 Nxd5 7. O-O g6 8.
c3 Bg7 9. Na3 O-O 10. Nc4 b6 11. a4 Bb7 12. d3 Qc7 13. h4 h5 14. Ng5 Rfe8
15. Ne4 Rad8 16. a5 e5 17. axb6 axb6 18. Qc2 Nce7 19. Qb3 Bc6 20. Ra6 Ra8
21. Rxa8 Rxa8 22. Ncd6 Nc8 23. Ne8 Bxe8 24. Qxd5 Ra7 25. Bg5 Bc6 26. Nf6+
Bxf6 27. Qxc6 Qxc6 28. Bxc6 Bxg5 29. hxg5 Kg7 30. Rb1 f6 31. gxf6+ Kxf6 32.
Kf1 Nd6 33. Ke2 Ke6 34. Ke3 Rc7 35. Be4 Nxe4 36. Kxe4 1/2-1/2

[Event "X Memorial Pedro Lezcano Montalvo 2017"]
[Site "Ateneo Mpal. de Vecindario-C/Colón, s/n (Gran Canaria)"]
[Date "2017.04.15"]
[Round "9"]
[White "Rabineau, Clement"]
[Black "Guerrero Orihuela, Jose Luis"]
[Result "1-0"]
[WhiteElo "2269"]
[BlackElo "1775"]
[EventDate "2017.04.08"]
[Board "10"]
[PlyCount "0"]
[EventRounds "9"]
[EventCountry "ESP"]

1. e4 c5 2. Nf3 e6 3. g3 Nc6 4. Bg2 g6 5. d4 cxd4 6. Nxd4 Bg7 7. Nb5 Qa5+
8. N1c3 Bxc3+ 9. Nxc3 a6 10. O-O Nge7 11. Bh6 b5 12. e5 Nf5 13. Bg5 Rb8 14.
g4 Nfe7 15. Bf6 Rg8 16. Qd6 Rb7 17. Ne4 1-0

[Event "X Memorial Pedro Lezcano Montalvo 2017"]
[Site "Ateneo Mpal. de Vecindario-C/Colón, s/n (Gran Canaria)"]
[Date "2017.04.15"]
[Round "9"]
[White "Mendez Acosta, Alexander Jesus"]
[Black "Podvin, Francois-Xavier"]
[Result "0-1"]
[WhiteElo "1931"]
[BlackElo "2175"]
[EventDate "2017.04.08"]
[Board "11"]
[PlyCount "0"]
[EventRounds "9"]
[EventCountry "ESP"]

1. c4 c5 2. Nc3 g6 3. g3 Bg7 4. Bg2 Nc6 5. Nf3 d6 6. O-O Bf5 7. d3 Qd7 8.
Nd5 Rc8 9. Re1 h5 10. h4 Nf6 11. Nc3 O-O 12. Bg5 Nh7 13. Bd2 a6 14. Rb1 Rb8
15. a4 Nb4 16. Qc1 Rfe8 17. Bh6 Bh8 18. Qd2 Nf6 19. Ng5 Ng4 20. Nge4 Nxh6
21. Qxh6 Bg7 22. Qf4 Nc2 23. Rec1 Nd4 24. Re1 b5 25. axb5 axb5 26. b3 Bg4
27. Qd2 b4 28. Nd5 Be6 29. Qg5 Kh7 30. Kh2 f5 31. Nf4 Bf7 32. Nxh5 gxh5 33.
Qf4 Bg6 34. Ng5+ Kg8 35. e3 Be5 36. Bd5+ Kg7 37. exd4 Bxf4 38. Ne6+ Kf6 39.
Nxf4 e5 40. Nxg6 Kxg6 41. dxc5 dxc5 42. Ra1 Rb6 43. Ra5 Rd6 44. Rxc5 Qa7
45. d4 exd4 46. Rxe8 Qxc5 47. Rg8+ Kh7 48. Rg5 Rxd5 49. Rxh5+ Kg6 50. Rg5+
Kf6 0-1

[Event "X Memorial Pedro Lezcano Montalvo 2017"]
[Site "Ateneo Mpal. de Vecindario-C/Colón, s/n (Gran Canaria)"]
[Date "2017.04.15"]
[Round "9"]
[White "Perez Perez, Gabriel"]
[Black "Rodriguez Melian, Jose Luis"]
[Result "1/2-1/2"]
[WhiteElo "1899"]
[BlackElo "2053"]
[EventDate "2017.04.08"]
[Board "12"]
[PlyCount "0"]
[EventRounds "9"]
[EventCountry "ESP"]

1. d4 Nf6 2. c4 g6 3. Nc3 d5 4. cxd5 Nxd5 5. e4 Nxc3 6. bxc3 c5 7. Bc4 Bg7
8. Ne2 O-O 9. O-O Nc6 10. Be3 Bg4 11. f3 Na5 12. Bd3 cxd4 13. cxd4 Be6 14.
d5 Bxa1 15. Qxa1 f6 16. Bh6 Re8 17. Kh1 Bf7 18. Nf4 e5 19. dxe6 Bxe6 20.
Bb5 Nc6 21. Nxe6 Rxe6 22. Bc4 Qe7 23. Qb2 b6 24. Qb3 Re8 25. Rd1 Kf7 26.
Bf4 Ne5 27. Bxe5 fxe5 28. g3 Kf6 29. Bxe6 Qxe6 30. Qa3 Qe7 31. Rd6+ Kg7 32.
Qd3 Qf7 33. a3 Re7 34. Rd5 Rc7 35. Kg2 Qe7 36. f4 exf4 37. gxf4 h5 38. e5
Qe6 39. h3 Qc6 40. Kf2 Qc2+ 41. Qxc2 Rxc2+ 42. Ke3 Rh2 43. Rd7+ Kf8 44.
Rxa7 Rxh3+ 45. Ke4 Rc3 46. Rb7 Rxa3 47. Rxb6 Ra4+ 48. Kd5 Rxf4 49. Rxg6 Ra4
50. e6 Ra1 51. Ke5 Ke7 52. Rg7+ 1/2-1/2